000 00639nam a2200145 a 4500
001 000027894
005 20200930031200.0
008 110405s2008 dr c 000 0 spa d
111 1 _aSeminarios regionales de motivación
_d(2007, nov. 22
_cSanto Domingo)
_954963
245 1 0 _aSeminarios regionales de motivación dirigidos a los miembros titulares de las Juntas Electorales.
260 _aSanto Domingo :
_bEscuela Nacional de Formación Electoral y del Estado Civil (EFEC) :
_bCámara Adminstrativa y la Cámara Contenciosa de la Junta Central Electoral,
_c2008.
300 _a66 p. :
_bretr.
_a24 cm.
049 _aBNPD
999 _c27386
_d27386
040 _aDO-SdBNP